| 000 | 00716nam a22002412a 4500 | ||
|---|---|---|---|
| 001 | 50366 | ||
| 003 | BD-RjUL | ||
| 005 | 20211209075510.0 | ||
| 008 | 160824s1955 nyu b 001 0 eng d | ||
| 035 | _a(BD-RjUL)50486 | ||
| 040 |
_aDLC _cWSU _dSER _dUKM _dBD-RjUL _dEQO _beng |
||
| 041 | _aeng | ||
| 082 |
_a808 _bKIM 1955 |
||
| 100 | 1 |
_aKierzek, John M., _d1891- _9150907 |
|
| 245 | 1 | 4 |
_aThe Macmillan handbook of English / _cby John M. Kierzek |
| 250 | _a3rd ed. | ||
| 260 |
_aNew York : _bMacmillan company, _c1955 |
||
| 300 |
_axxv, 579 p. ; _c21 cm. |
||
| 504 | _aInclude Index | ||
| 650 | 0 |
_aEnglish language _xRhetoric _9150908 |
|
| 650 | 0 |
_aAuthorship _vHandbooks, manuals, etc. _9127747 |
|
| 942 |
_2ddc _cBK |
||
| 999 |
_c50366 _d50366 |
||